Statistiques concernant Régions de France - Carte Quiz

Cliquez ici pour prendre le quiz!

Statistiques générales

  • Ce quiz a été pris 140 312 fois
    (52 425 depuis la dernière actualisation)
  • Le résultat moyen est 13 sur 18

Réponses sur la Carte

Les réponses sont colorées sur une échelle allant du rouge au vert en fonction du pourcentage des utilisateurs qui les ont devinées à leur premier essai. Vous pouvez retrouver ces pourcentages ci-dessous.
Chargement ...
 

Statistiques - réponses

Réponse% Correct
Bretagne
92%
Île-de-France
91%
Hauts-de-France
90%
Corse
90%
Provence-Alpes-Côte d'Azur
85%
Normandie
85%
Grand Est
84%
Centre-Val de Loire
80%
Occitanie
77%
Auvergne-Rhône-Alpes
76%
Nouvelle-Aquitaine
74%
Bourgogne-Franche-Comté
73%
Pays de la Loire
65%
Guyane
63%
La Réunion
58%
Guadeloupe
57%
Mayotte
54%
Martinique
47%

Distribution des résultats

Percentile par nombre de réponses

% des personnes avec chaque résultat

Votre développement - résultats

Vous n’avez pas pris ce quiz depuis la dernière actualisation